<?xml version="1.0" encoding="UTF-8"?>
<collection xmlns="http://www.loc.gov/MARC21/slim">
 <record>
  <leader>01851aam a22002538a 4500</leader>
  <controlfield tag="001">NCT_14972</controlfield>
  <controlfield tag="008">131126s2012                  ||||||viesd</controlfield>
  <datafield tag="999" ind1=" " ind2=" ">
   <subfield code="c">715</subfield>
   <subfield code="d">715</subfield>
  </datafield>
  <datafield tag="082" ind1="0" ind2="4">
   <subfield code="2">23rd ed.</subfield>
   <subfield code="a">354.34</subfield>
   <subfield code="b">kH527</subfield>
  </datafield>
  <datafield tag="100" ind1="1" ind2=" ">
   <subfield code="a">Nguyễn Đình Bồng</subfield>
   <subfield code="e">Chủ biên</subfield>
  </datafield>
  <datafield tag="245" ind1="0" ind2="0">
   <subfield code="a">Quản lý đất đai ở Việt Nam (1945 - 2010)</subfield>
   <subfield code="c">Nguyễn Đình Bồng (chủ biên), Lê Thanh Khuyến, Vũ Văn Phúc, Trần Thị Minh Châu</subfield>
  </datafield>
  <datafield tag="260" ind1=" " ind2=" ">
   <subfield code="a">H.</subfield>
   <subfield code="b">Chính trị Quốc gia</subfield>
   <subfield code="c">2012</subfield>
  </datafield>
  <datafield tag="300" ind1=" " ind2=" ">
   <subfield code="a">278tr.</subfield>
   <subfield code="b">bảng</subfield>
   <subfield code="c">24cm</subfield>
  </datafield>
  <datafield tag="520" ind1="3" ind2=" ">
   <subfield code="a">Tìm hiểu thực trạng quản lí đất đai ở Việt Nam trong các giai đoạn lịch sử, từ thời kì phong kiến, thời Pháp thuộc, trong kháng chiến chống Pháp, giai đoạn 1955 - 1975, 1976 - 1985, trong thời kì đổi mới từ năm 1986 đến 2010 và vấn đề hoàn thiện quản lí đất đai ở Việt Nam trong giai đoạn tới</subfield>
  </datafield>
  <datafield tag="653" ind1=" " ind2=" ">
   <subfield code="a">Quản lý đất đai</subfield>
  </datafield>
  <datafield tag="700" ind1="1" ind2=" ">
   <subfield code="a">Vũ Văn Phúc</subfield>
  </datafield>
  <datafield tag="700" ind1="1" ind2=" ">
   <subfield code="a">Trần Thị Minh Châu</subfield>
  </datafield>
  <datafield tag="700" ind1="1" ind2=" ">
   <subfield code="a">Lê Thanh Khuyến</subfield>
  </datafield>
  <datafield tag="942" ind1=" " ind2=" ">
   <subfield code="2">ddc</subfield>
   <subfield code="c">BK</subfield>
  </datafield>
  <datafield tag="952" ind1=" " ind2=" ">
   <subfield code="0">0</subfield>
   <subfield code="1">0</subfield>
   <subfield code="2">ddc</subfield>
   <subfield code="4">0</subfield>
   <subfield code="6">354_340000000000000_KH527</subfield>
   <subfield code="7">0</subfield>
   <subfield code="9">2673</subfield>
   <subfield code="a">000001</subfield>
   <subfield code="b">000001</subfield>
   <subfield code="d">2017-11-06</subfield>
   <subfield code="o">354.34 kH527</subfield>
   <subfield code="p">MD.04492</subfield>
   <subfield code="r">2017-11-06</subfield>
   <subfield code="v">40000.00</subfield>
   <subfield code="w">2017-11-06</subfield>
   <subfield code="y">BK</subfield>
  </datafield>
  <datafield tag="952" ind1=" " ind2=" ">
   <subfield code="0">0</subfield>
   <subfield code="1">0</subfield>
   <subfield code="2">ddc</subfield>
   <subfield code="4">0</subfield>
   <subfield code="6">354_340000000000000_KH527</subfield>
   <subfield code="7">0</subfield>
   <subfield code="9">2674</subfield>
   <subfield code="a">000001</subfield>
   <subfield code="b">000001</subfield>
   <subfield code="d">2017-11-06</subfield>
   <subfield code="l">1</subfield>
   <subfield code="o">354.34 kH527</subfield>
   <subfield code="p">MD.04493</subfield>
   <subfield code="r">2019-03-13</subfield>
   <subfield code="s">2019-03-09</subfield>
   <subfield code="v">40000.00</subfield>
   <subfield code="w">2017-11-06</subfield>
   <subfield code="y">BK</subfield>
  </datafield>
  <datafield tag="952" ind1=" " ind2=" ">
   <subfield code="0">0</subfield>
   <subfield code="1">0</subfield>
   <subfield code="2">ddc</subfield>
   <subfield code="4">0</subfield>
   <subfield code="6">354_340000000000000_KH527</subfield>
   <subfield code="7">0</subfield>
   <subfield code="9">2675</subfield>
   <subfield code="a">000001</subfield>
   <subfield code="b">000001</subfield>
   <subfield code="d">2017-11-06</subfield>
   <subfield code="o">354.34 kH527</subfield>
   <subfield code="p">MD.04494</subfield>
   <subfield code="r">2017-11-06</subfield>
   <subfield code="v">40000.00</subfield>
   <subfield code="w">2017-11-06</subfield>
   <subfield code="y">BK</subfield>
  </datafield>
  <datafield tag="952" ind1=" " ind2=" ">
   <subfield code="0">0</subfield>
   <subfield code="1">0</subfield>
   <subfield code="2">ddc</subfield>
   <subfield code="4">0</subfield>
   <subfield code="6">354_340000000000000_KH527</subfield>
   <subfield code="7">0</subfield>
   <subfield code="9">2676</subfield>
   <subfield code="a">000001</subfield>
   <subfield code="b">000001</subfield>
   <subfield code="d">2017-11-06</subfield>
   <subfield code="o">354.34 kH527</subfield>
   <subfield code="p">MD.04495</subfield>
   <subfield code="r">2017-11-06</subfield>
   <subfield code="v">40000.00</subfield>
   <subfield code="w">2017-11-06</subfield>
   <subfield code="y">BK</subfield>
  </datafield>
  <datafield tag="980" ind1=" " ind2=" ">
   <subfield code="a">Thư viện Trường Đại học Nam Cần Thơ</subfield>
  </datafield>
 </record>
</collection>
